[Event "10. Longericher Sommer-Open A"]
[Site "?"]
[Date "2013.07.20"]
[Round "2.2"]
[White "Jesse, Ingemars"]
[Black "van der Valk, Niklas"]
[Result "1/2-1/2"]
[WhiteElo "2320"]
[BlackElo "2106"]
[PlyCount "157"]
[EventDate "2013.??.??"]
[WhiteTeam "LSV Turm Lippstadt"]
[BlackTeam "Godesberger SK 1929 e.V."]

1. g3 d5 2. Bg2 c6 3. Nf3 Bg4 4. O-O Nd7 5. d4 Ngf6 6. Nbd2 e6 7. Re1 Bd6 8. e4
dxe4 9. Nxe4 Nxe4 10. Rxe4 Nf6 11. Re1 O-O 12. c3 Qc7 13. Qb3 Nd7 14. c4 c5 15.
Ne5 Nxe5 16. dxe5 Bxe5 17. Qxb7 Qxb7 18. Bxb7 Bxb2 19. Rb1 Bxc1 20. Bxa8 Bd2
21. Re5 Rxa8 22. Rxc5 Bc3 23. Rcb5 Kf8 24. Rb8+ Rxb8 25. Rxb8+ Ke7 26. Rb7+ Kd6
27. Rxa7 Be2 28. Rxf7 Bxc4 29. a4 Kc5 30. Rb7 Bd5 31. Rb8 Bc6 32. Rb3 Bb4 33.
Re3 Kd5 34. Rd3+ Kc4 35. Re3 Kd5 36. Rf3 Bxa4 37. Rf4 Kc5 38. Rg4 g6 39. Rf4
Bb3 40. Rf7 h5 41. Rf6 g5 42. Rh6 Kd4 43. Rxh5 Bd2 44. Rh8 e5 45. Re8 e4 46.
Kf1 Bc4+ 47. Kg2 Bd5 48. Kh3 Be1 49. Rf8 Be6+ 50. Kg2 Bd2 51. Rf6 Bd5 52. Kh3
e3 53. fxe3+ Bxe3 54. Kg4 Ke5 55. Rf5+ Ke6 56. Rf1 Kd6 57. Re1 Bd2 58. Rd1 Be3
59. Kf5 Kc5 60. Re1 Kd4 61. Rd1+ Kc5 62. Rd3 Bg1 63. h3 Kc4 64. Ra3 Bc5 65.
Ra4+ Kb5 66. Ra1 Be3 67. Ra3 Bc5 68. Ra1 Bf2 69. g4 Bh4 70. Ra3 Kc5 71. Ke5 Bg2
72. Rc3+ Kb4 73. Re3 Kc4 74. Ra3 Kb4 75. Re3 Kc4 76. Kf6 Kd4 77. Ra3 Kc4 78.
Ke6 Kd4 79. Kf6 {Notation nicht nachvollziehbar.} 1/2-1/2

[Event "10. Longericher Sommer-Open A"]
[Site "?"]
[Date "2013.07.20"]
[Round "2.3"]
[White "Dijkhuis, Tycho"]
[Black "Marcziter, Dmitrii"]
[Result "1-0"]
[WhiteElo "2152"]
[BlackElo "2283"]
[PlyCount "85"]
[EventDate "2013.??.??"]
[WhiteTeam "Schaakclub Utrecht (NL)"]
[BlackTeam "DJK Aufwärts St. Josef Aachen 19"]

1. e4 c5 2. Nf3 a6 3. c4 e6 4. Nc3 d6 5. d4 cxd4 6. Nxd4 Nf6 7. Be2 Be7 8. O-O
O-O 9. Be3 b6 10. f3 Bb7 11. Qd2 Nbd7 12. Rfd1 Qc7 13. Rac1 Rac8 14. Kh1 Qb8
15. b3 Bd8 16. Bf1 Bc7 17. Nc2 Rfe8 18. Bg1 Kh8 19. Ne3 Rg8 20. Qe1 g5 21. Ng4
Nxg4 22. fxg4 Ne5 23. Bd4 f6 24. Bxe5 fxe5 25. Bd3 Rcf8 26. Qe3 b5 27. cxb5 d5
28. bxa6 Ba8 29. a7 Qd8 30. exd5 exd5 31. Nb5 d4 32. Qe2 Bd6 33. Be4 Qb6 34.
Bxa8 Rxa8 35. Qc4 Be7 36. Rf1 Bf6 37. Nc7 Rac8 38. a8=Q Rxa8 39. Nd5 Qb7 40.
Nxf6 Rgc8 41. Qe6 d3 42. Rxc8+ Rxc8 43. Ne8 1-0

[Event "10. Longericher Sommer-Open A"]
[Site "?"]
[Date "2013.07.20"]
[Round "2.4"]
[White "Mohaupt, Sascha"]
[Black "Beck, Gerald"]
[Result "1/2-1/2"]
[WhiteElo "2179"]
[BlackElo "2079"]
[PlyCount "56"]
[EventDate "2013.??.??"]
[WhiteTeam "SV Wermelskirchen 32"]
[BlackTeam "SAbt TSV Haunstetten"]

1. e4 c5 2. Nf3 a6 3. d3 g6 4. g3 Bg7 5. Bg2 Nc6 6. O-O Qb6 7. Nbd2 e5 8. c3
Nge7 9. a3 O-O 10. b4 d5 11. exd5 Nxd5 12. Bb2 Rd8 13. Re1 f6 14. Qe2 Bg4 15.
h3 Bf5 16. Ne4 cxb4 17. axb4 a5 18. bxa5 Nxa5 19. c4 Nb4 20. Red1 Nb3 21. Rxa8
Rxa8 22. Ne1 Nc6 23. Qe3 Qxe3 24. fxe3 Ra2 25. Bc3 Bxe4 26. Bxe4 Bh6 27. Ng2
Rc2 28. Be1 Kf7 1/2-1/2

[Event "10. Longericher Sommer-Open A"]
[Site "?"]
[Date "2013.07.20"]
[Round "2.5"]
[White "Arlt, Klaus"]
[Black "Ljuboschiz, Alexander"]
[Result "1/2-1/2"]
[WhiteElo "2034"]
[BlackElo "2167"]
[PlyCount "46"]
[EventDate "2013.??.??"]
[WhiteTeam "SF Köln-Mülheim e.V."]
[BlackTeam "SK Altenkirchen"]

1. c4 g6 2. Nc3 Bg7 3. Nf3 d6 4. d4 Nf6 5. Bg5 h6 6. Bh4 Bg4 7. e3 O-O 8. Be2
Nc6 9. O-O g5 10. Bg3 Nh5 11. Nd2 Nxg3 12. fxg3 Bd7 13. Bd3 e5 14. d5 Ne7 15.
g4 Qc8 16. h3 f5 17. gxf5 Bxf5 18. Nde4 Qd7 19. Qc2 c6 20. g4 Bg6 21. Ng3 Bxd3
22. Qxd3 a6 23. Rad1 Rad8 1/2-1/2

[Event "10. Longericher Sommer-Open A"]
[Site "?"]
[Date "2013.07.20"]
[Round "2.6"]
[White "Karimi, Farhad"]
[Black "Jordans, Ralph"]
[Result "1/2-1/2"]
[WhiteElo "2165"]
[BlackElo "1939"]
[PlyCount "116"]
[EventDate "2013.??.??"]
[WhiteTeam "Satranc Club 2000 e.V."]
[BlackTeam "Ford-SF Köln e.V."]

1. d4 Nf6 2. Nf3 b6 3. e3 Bb7 4. Bd3 e6 5. Nbd2 c5 6. O-O d5 7. b3 a6 8. Bb2
Nbd7 9. a4 Bd6 10. Qe2 O-O 11. Rad1 Re8 12. Ne5 Nf8 13. f4 Qe7 14. Ndf3 Ne4 15.
dxc5 bxc5 16. Bxe4 dxe4 17. Nd2 f6 18. Nec4 Bc7 19. Bc3 Ra7 20. Nb1 Nd7 21. Rd2
Nb6 22. Nxb6 Bxb6 23. a5 Bc7 24. Rfd1 Bc6 25. Na3 Rd8 26. Rxd8+ Bxd8 27. Rd2
Bc7 28. Qh5 Ra8 29. Nc4 Be8 30. Qd1 Rd8 31. Rxd8 Qxd8 32. Qxd8 Bxd8 33. Nd6 Bc6
34. b4 cxb4 35. Bxb4 Bc7 36. Nc8 Bb7 37. Nb6 Bc6 38. Kf2 Kf7 39. Ke2 g6 40. Kd2
e5 41. g3 exf4 42. exf4 f5 43. Ke3 Ke6 44. Kd4 Bd8 45. Bd2 Be7 46. c4 Ba3 47.
h3 Bb7 48. Na4 Kd6 49. Kc3 Bc6 50. Kb3 Bxa4+ 51. Kxa3 Bd1 52. Kb4 Be2 53. Kc3
Bf1 54. h4 Be2 55. Kd4 Bh5 56. Bb4+ Kc6 57. Bd2 Be2 58. Be3 Bd3 1/2-1/2

[Event "10. Longericher Sommer-Open A"]
[Site "?"]
[Date "2013.07.20"]
[Round "2.7"]
[White "Freundlieb, Thomas"]
[Black "Boschek, Hans-Joachim"]
[Result "1-0"]
[WhiteElo "2097"]
[BlackElo "1915"]
[PlyCount "115"]
[EventDate "2013.??.??"]
[WhiteTeam "SG Niederkassel"]
[BlackTeam "SV 1922 Hilden"]

1. d4 Nf6 2. Bf4 d5 3. e3 c5 4. Nc3 Nc6 5. Nb5 e5 6. dxe5 Qa5+ 7. c3 a6 8. Nd6+
Bxd6 9. exd6 O-O 10. Nf3 d4 11. exd4 Bg4 12. Be2 Bxf3 13. gxf3 cxd4 14. O-O
dxc3 15. bxc3 Qf5 16. Bg3 Ne5 17. Kg2 Nh5 18. Qd5 Nf4+ 19. Bxf4 Qxf4 20. Qe4
Qf6 21. Rad1 Rfe8 22. Qxb7 Ng6 23. Bc4 Nh4+ 24. Kh1 Nxf3 25. d7 Red8 26. Qe4
Ng5 27. Qg2 Ra7 28. f4 Ne6 29. Qc6 Rc7 30. Qxa6 Rcxd7 31. Rxd7 Rxd7 32. f5 Nf8
33. Qxf6 gxf6 34. Rg1+ Kh8 35. Bb3 Re7 36. Rd1 Kg7 37. Rg1+ Kh6 38. c4 Nd7 39.
Rg3 Re5 40. Rd3 Nc5 41. Rd5 Re1+ 42. Kg2 Ne4 43. Kf3 Ng5+ 44. Kf2 Rb1 45. Ke3
Kh5 46. Rd1 Rb2 47. Rd2 Rb1 48. c5 Kg4 49. Bd1+ Kh3 50. c6 Rc1 51. Rc2 Rxd1 52.
c7 Re1+ 53. Kf2 Re8 54. c8=Q Ne4+ 55. Ke3 Rxc8 56. Rxc8 Nd6 57. Rh8 Kxh2 58.
Kf4 1-0

[Event "10. Longericher Sommer-Open A"]
[Site "?"]
[Date "2013.07.20"]
[Round "2.8"]
[White "Goldenstein, Arnd"]
[Black "Esser, Thomas"]
[Result "0-1"]
[WhiteElo "2037"]
[BlackElo "1942"]
[PlyCount "37"]
[EventDate "2013.??.??"]
[WhiteTeam "Klub Kölner SF e.V. 1"]
[BlackTeam "Post-Telekom SV 1925 Aachen e.V."]

1. d4 Nf6 2. c4 e6 3. Nc3 Bb4 4. e3 O-O 5. Bd3 c5 6. a3 Bxc3+ 7. bxc3 d5 8. Ne2
Nc6 9. O-O Qc7 10. Ng3 dxc4 11. Bxc4 Rd8 12. Qe2 e5 13. Bb2 cxd4 14. cxd4 exd4
15. Rac1 Qe7 16. Nh5 Ng4 17. h3 Nge5 18. exd4 Nxc4 19. Rxc4 0-1

[Event "10. Longericher Sommer-Open A"]
[Site "?"]
[Date "2013.07.20"]
[Round "2.9"]
[White "Gutt, Oswald"]
[Black "Bieberle, Gerhart"]
[Result "1-0"]
[WhiteElo "2018"]
[BlackElo "1924"]
[PlyCount "57"]
[EventDate "2013.??.??"]
[WhiteTeam "Bergische SF 1923 Ber"]
[BlackTeam "Post-Telekom SV 1925 Aachen e.V."]

1. d4 g6 2. c4 Nf6 3. Nc3 Bg7 4. e4 d6 5. Be2 Nbd7 6. f4 b6 7. e5 Ng8 8. Bf3
Rb8 9. Bc6 Bb7 10. Qa4 Bxc6 11. Qxc6 a6 12. Nf3 h6 13. O-O Kf8 14. e6 fxe6 15.
Qe4 Ndf6 16. Qxg6 Qe8 17. Qd3 Qd7 18. Ne5 dxe5 19. fxe5 b5 20. b3 Ke8 21. Qg6+
Kd8 22. Be3 Ne8 23. Rf7 b4 24. Na4 Bf6 25. Nc5 Qc6 26. Rf8 Bg5 27. Bxg5 hxg5
28. Nxe6+ Kd7 29. Nc5+ 1-0

[Event "10. Longericher Sommer-Open A"]
[Site "?"]
[Date "2013.07.20"]
[Round "2.10"]
[White "Andrijenko, Anatoliy"]
[Black "Speck, Stefan"]
[Result "0-1"]
[WhiteElo "1914"]
[BlackElo "1998"]
[PlyCount "108"]
[EventDate "2013.??.??"]
[WhiteTeam "SF Köln-Longerich 195"]
[BlackTeam "SC Solingen 1928 e.V."]

1. e4 c6 2. d4 d5 3. e5 Bf5 4. h4 h5 5. Bd3 Bxd3 6. Qxd3 Qa5+ 7. Bd2 Qa6 8.
Qxa6 Nxa6 9. Nf3 e6 10. c3 Nh6 11. Bxh6 Rxh6 12. Nbd2 Be7 13. b4 Nc7 14. Nb3
Rg6 15. g3 Nb5 16. Kd2 Na3 17. Kd3 O-O-O 18. Rag1 Rf8 19. Nfd2 f6 20. f4 b6 21.
Nf3 Kb7 22. Rh2 Nc4 23. Re2 fxe5 24. dxe5 c5 25. bxc5 bxc5 26. Ng5 Kc6 27. Rb1
Bxg5 28. hxg5 h4 29. gxh4 Rxf4 30. Rh1 Rf5 31. Rhe1 Rf3+ 32. Kc2 Rh3 33. Rg1
Rxh4 34. Nd2 Nxd2 35. Kxd2 Rf4 36. Kd3 Rf5 37. Reg2 Rxe5 38. Rg4 Rf5 39. c4 e5
40. R1g3 Re6 41. g6 e4+ 42. Ke3 d4+ 43. Ke2 e3 44. Rg2 Ref6 45. a4 Rf2+ 46. Kd3
Rxg2 47. Rxg2 Rf2 48. Rg1 e2 49. Re1 Rf3+ 50. Kd2 Re3 51. a5 Kd6 52. a6 Ke5 53.
Kc2 Ke4 54. Kd2 Rd3+ 0-1

[Event "10. Longericher Sommer-Open A"]
[Site "?"]
[Date "2013.07.20"]
[Round "2.11"]
[White "Lambertz, Michael"]
[Black "Herzum, Peter"]
[Result "1-0"]
[WhiteElo "1985"]
[BlackElo "1882"]
[PlyCount "145"]
[EventDate "2013.??.??"]
[WhiteTeam "SF Esch e.V."]
[BlackTeam "Düsseldorfer SK 14/25 e."]

1. e4 c5 2. c3 Nf6 3. e5 Nd5 4. Bc4 Nb6 5. Bb3 c4 6. Bc2 Nc6 7. Nf3 Qc7 8. Qe2
g5 9. e6 dxe6 10. Nxg5 Qe5 11. d4 cxd3 12. Bxd3 Qxe2+ 13. Bxe2 h6 14. Ne4 e5
15. Be3 Bf5 16. Nbd2 Nd5 17. O-O-O Nxe3 18. fxe3 O-O-O 19. Bf3 Bg7 20. Nc5 Kc7
21. Rhf1 Bg6 22. g4 b5 23. h4 Kb6 24. b4 a5 25. a3 axb4 26. axb4 Bd3 27. Rh1
Bh7 28. Nde4 Ra8 29. Rd7 Ra7 30. Rxa7 Nxa7 31. Rd1 Rc8 32. Nd7+ Kc7 33. Nec5 e4
34. Bxe4 Bxe4 35. Nxe4 Rd8 36. Ndc5 Rxd1+ 37. Kxd1 Nc6 38. Kc2 Ne5 39. g5 Nf3
40. g6 fxg6 41. Ne6+ Kc6 42. Nxg7 Kd5 43. Nf2 Nxh4 44. Kd3 h5 45. e4+ Ke5 46.
c4 bxc4+ 47. Kxc4 Nf3 48. b5 Nd2+ 49. Kc3 Nf3 50. Kc4 Nd4 51. b6 Nc6 52. Kc5
Nb8 53. b7 h4 54. Kb6 Kf4 55. Kc7 Na6+ 56. Kc8 Kf3 57. Nh1 g5 58. Ne6 g4 59.
Nc5 Nb8 60. Kxb8 g3 61. Nxg3 hxg3 62. Kc8 g2 63. b8=Q g1=Q 64. Qe5 Qg4+ 65. Kd8
e6 66. Nxe6 Qg8+ 67. Ke7 Qh7+ 68. Kd6 Ke3 69. Qd4+ Ke2 70. e5 Qg6 71. Qf4 Qd3+
72. Nd4+ Kd1 73. Qf3+ 1-0

[Event "10. Longericher Sommer-Open A"]
[Site "?"]
[Date "2013.07.20"]
[Round "2.12"]
[White "Rokitta, Uwe"]
[Black "Ciesla, Daniel"]
[Result "1-0"]
[WhiteElo "1968"]
[BlackElo "1849"]
[PlyCount "45"]
[EventDate "2013.??.??"]
[WhiteTeam "SC 1919 Siegburg e.V."]
[BlackTeam "SC Gardez Hermeskeil"]

1. d4 d6 2. e4 Nf6 3. Nc3 c6 4. h3 Qa5 5. Bd2 Qb6 6. Nf3 Qxb2 7. Bd3 Qb6 8. O-O
Nbd7 9. e5 dxe5 10. dxe5 Nd5 11. Ne4 e6 12. c4 Nc7 13. Qc2 Na6 14. Neg5 g6 15.
Rab1 Qc7 16. Nxe6 fxe6 17. Bxg6+ Kd8 18. Rfd1 Be7 19. Ng5 Nac5 20. Nf7+ Ke8 21.
Nxh8+ Kf8 22. Bh6+ Kg8 23. Bxh7+ 1-0

[Event "10. Longericher Sommer-Open A"]
[Site "?"]
[Date "2013.07.20"]
[Round "2.13"]
[White "Leontiev, Oleg"]
[Black "Whitmire, James David"]
[Result "0-1"]
[WhiteElo "1892"]
[BlackElo "1968"]
[PlyCount "126"]
[EventDate "2013.??.??"]
[WhiteTeam "Godesberger SK 1929 e.V."]
[BlackTeam "Post-Telekom SV 1925 Aachen e.V."]

1. Nf3 Nf6 2. d4 g6 3. e3 Bg7 4. Bd3 O-O 5. O-O d5 6. Nbd2 c5 7. b3 Nc6 8. Bb2
cxd4 9. exd4 Nb4 10. Be2 Bf5 11. Ne1 Rc8 12. c3 Nc6 13. Nd3 Ne4 14. Nf3 Bg4 15.
Rc1 Bxf3 16. Bxf3 e5 17. dxe5 Nxe5 18. Nxe5 Bxe5 19. Qd3 Re8 20. g3 Qa5 21. a3
Nxc3 22. b4 Qa6 23. Qxa6 bxa6 24. Bxc3 Bxc3 25. Bxd5 Bb2 26. Rxc8 Rxc8 27. Bb7
Rc2 28. Bxa6 Bxa3 29. b5 Bc5 30. Kg2 Rb2 31. Kf3 Kg7 32. h3 Bb6 33. h4 f5 34.
Bb7 Rxb5 35. Ba6 Rb3+ 36. Kg2 Rb2 37. Bd3 Kf6 38. h5 gxh5 39. Bc4 Kg5 40. Bd3
h6 41. Kf3 a5 42. Be2 a4 43. Ra1 Rb3+ 44. Kg2 a3 45. f4+ Kg6 46. Ra2 Bd4 47.
Rd2 Rb4 48. Ra2 Bb2 49. Bf3 Rc4 50. Bd1 Rc3 51. Kf2 Rd3 52. Be2 Rd2 53. Ke3 Rc2
54. Kf3 Kf6 55. Bd3 Rh2 56. Bf1 Kg6 57. Bg2 h4 58. gxh4 Rxh4 59. Bf1 Kf6 60.
Kg3 Rg4+ 61. Kf3 Rg1 62. Kf2 Rg7 63. Kf3 h5 0-1

[Event "10. Longericher Sommer-Open A"]
[Site "?"]
[Date "2013.07.20"]
[Round "2.14"]
[White "Statz, Samuel"]
[Black "Brecker, Hans-Jörg"]
[Result "1/2-1/2"]
[WhiteElo "1805"]
[BlackElo "1963"]
[PlyCount "67"]
[EventDate "2013.??.??"]
[WhiteTeam "SV Erftstadt e.V."]
[BlackTeam "SF Erkelenz 1959 e.V."]

1. e4 d5 2. exd5 Qxd5 3. Nc3 Qd6 4. d4 c6 5. Nf3 Bf5 6. Ne5 Nd7 7. Nc4 Qe6+ 8.
Be2 Nb6 9. Ne3 Nf6 10. O-O Rd8 11. Nxf5 Qxf5 12. Bd3 Qd7 13. Ne2 h6 14. c3 e6
15. Bf4 Bd6 16. Bxd6 Qxd6 17. Ng3 O-O 18. Ne4 Nxe4 19. Bxe4 Nd5 20. Qb3 b6 21.
Rad1 Qc7 22. g3 Rd6 23. Bxd5 Rxd5 24. c4 Rd7 25. d5 exd5 26. cxd5 c5 27. Rd2
Rfd8 28. Rfd1 a6 29. Qa4 Qb7 30. d6 b5 31. Qf4 Qc6 32. Qe5 c4 33. Rd4 Qf3 34.
Qc5 1/2-1/2

[Event "10. Longericher Sommer-Open A"]
[Site "?"]
[Date "2013.07.20"]
[Round "2.15"]
[White "Weinmann-Musset, Manfred"]
[Black "Mandt, Joachim"]
[Result "0-1"]
[WhiteElo "1949"]
[BlackElo "1788"]
[PlyCount "70"]
[EventDate "2013.??.??"]
[WhiteTeam "Ford-SF Köln e.V."]
[BlackTeam "Vereinigung der Schachsportfreun"]

1. d4 e6 2. c4 Nf6 3. Nc3 d5 4. Bg5 Bb4 5. Nf3 O-O 6. Qc2 h6 7. Bh4 Nbd7 8. e3
c5 9. cxd5 cxd4 10. Nxd4 exd5 11. Be2 Qa5 12. O-O Bxc3 13. bxc3 Ne4 14. Rfc1
Ndf6 15. f3 Ng5 16. Rab1 a6 17. Bg3 Re8 18. Bf2 Qc7 19. a4 g6 20. a5 Qxa5 21.
Bd3 Kg7 22. h4 Ngh7 23. g4 Qc7 24. Ne2 b5 25. Nf4 g5 26. Ng2 Bxg4 27. Bxh7 Bxf3
28. Bf5 Be4 29. Bxe4 Rxe4 30. hxg5 hxg5 31. Rb4 Rh8 32. Rxe4 Nxe4 33. Kf1 Rh1+
34. Ke2 Qc4+ 35. Kf3 Rh3+ 0-1

[Event "10. Longericher Sommer-Open A"]
[Site "?"]
[Date "2013.07.20"]
[Round "2.16"]
[White "Dijkhuis, Sven"]
[Black "Schwark, Mario"]
[Result "1-0"]
[WhiteElo "1793"]
[BlackElo "1944"]
[PlyCount "67"]
[EventDate "2013.??.??"]
[WhiteTeam "Schaakclub Utrecht (NL)"]
[BlackTeam "SG Kalker/Deutze"]

1. e4 e5 2. Nf3 Nc6 3. Bb5 Nf6 4. O-O a6 5. Ba4 Be7 6. Re1 b5 7. Bb3 O-O 8. h3
Bb7 9. c3 Na5 10. Bc2 d6 11. d4 Nd7 12. b3 Bf6 13. Be3 c6 14. Nbd2 exd4 15.
cxd4 c5 16. Rc1 cxd4 17. Nxd4 Rc8 18. Nf5 Ne5 19. f4 Nec6 20. Nf3 Bb2 21. Rb1
Bc3 22. Bd2 Bb4 23. Bxb4 Nxb4 24. Qd4 f6 25. Qxb4 Rxc2 26. a4 Qb6+ 27. N3d4 Rd8
28. Kh1 Nc6 29. Nxc6 Qf2 30. Rg1 Bxc6 31. Nd4 Bxe4 32. Nxc2 Bxc2 33. Rbc1 Re8
34. Rgf1 1-0

[Event "10. Longericher Sommer-Open A"]
[Site "?"]
[Date "2013.07.20"]
[Round "2.17"]
[White "Lantsman, Boris"]
[Black "Theißen, Frank"]
[Result "0-1"]
[WhiteElo "1870"]
[BlackElo "1734"]
[PlyCount "71"]
[EventDate "2013.??.??"]
[WhiteTeam "SF Köln-Longerich 195"]
[BlackTeam "SF 1974 Heinsberg e.V"]

1. e4 e6 2. d4 d5 3. exd5 exd5 4. Nf3 Bd6 5. Bd3 Ne7 6. O-O Bg4 7. Be2 Nbc6 8.
c3 Qd7 9. b4 Ng6 10. Be3 O-O 11. Ne1 Bxe2 12. Qxe2 Rae8 13. Qb5 b6 14. g3 Nge7
15. Na3 Qf5 16. Ng2 a6 17. Qa4 b5 18. Qb3 Ng6 19. Rac1 h5 20. Qc2 Qh3 21. Qd2
Re7 22. Rfe1 h4 23. Bg5 Rxe1+ 24. Rxe1 hxg3 25. fxg3 Qd7 26. Nc2 Re8 27. Rxe8+
Qxe8 28. Qe3 Qd7 29. Nf4 Qf5 30. Nxg6 Qxc2 31. Nf4 Qb1+ 32. Kg2 Qc2+ 33. Ne2
Qe4+ 34. Qf3 Kf8 35. Bf4 Bxf4 36. Nxf4 {Zeitüberschreitung.} 0-1

[Event "10. Longericher Sommer-Open A"]
[Site "?"]
[Date "2013.07.20"]
[Round "2.18"]
[White "Brandl, Lea Maria"]
[Black "Berkle, Pascal"]
[Result "1-0"]
[WhiteElo "1715"]
[BlackElo "1805"]
[PlyCount "77"]
[EventDate "2013.??.??"]
[WhiteTeam "TSV Schott Mainz"]
[BlackTeam "SV Erftstadt e.V."]

1. d4 d5 2. c4 e6 3. Nc3 Nf6 4. Bg5 Be7 5. e3 Nbd7 6. Nf3 O-O 7. Rc1 c6 8. Bd3
Re8 9. O-O Qc7 10. cxd5 exd5 11. Bf4 Qd8 12. Nb5 Rf8 13. Bc7 Qe8 14. Nd6 Bxd6
15. Bxd6 Qd8 16. Bxf8 Nxf8 17. Ne5 Ne8 18. b4 f6 19. Nf3 Nd6 20. Qb3 Be6 21. a4
Nc4 22. b5 Qb6 23. Rb1 c5 24. dxc5 Qxc5 25. Rbc1 Qb6 26. Bxc4 dxc4 27. Qb4 Rc8
28. Nd4 Bf7 29. Nf5 Ng6 30. Nd6 Rc7 31. Nxf7 Kxf7 32. Rxc4 Ne5 33. Rxc7+ Qxc7
34. Qb3+ Kf8 35. h3 g5 36. Rd1 h5 37. Qe6 Kg7 38. Rd6 Qc1+ 39. Kh2 1-0

[Event "10. Longericher Sommer-Open A"]
[Site "?"]
[Date "2013.07.20"]
[Round "2.19"]
[White "de Vivie, Achim"]
[Black "Thierkopf, Guido"]
[Result "1-0"]
[WhiteElo "1805"]
[BlackElo "1710"]
[PlyCount "39"]
[EventDate "2013.??.??"]
[WhiteTeam "SF Köln-Longerich 195"]
[BlackTeam "Brühler SK 1920 e.V."]

1. e4 d5 2. exd5 Qxd5 3. Nc3 Qa5 4. d4 Nf6 5. Nf3 Bg4 6. h3 Bxf3 7. Qxf3 c6 8.
Bc4 e6 9. O-O Bd6 10. Ne4 Nxe4 11. Qxe4 O-O 12. Bd3 Qh5 13. Bg5 Qg6 14. Qe3 f5
15. Rfe1 e5 16. dxe5 Re8 17. Bc4+ Kh8 18. Rad1 h6 19. Bf4 Be7 20. Qb3 1-0

[Event "10. Longericher Sommer-Open A"]
[Site "?"]
[Date "2013.07.20"]
[Round "2.20"]
[White "Meyer, Henrik"]
[Black "Zilberman, Rodion"]
[Result "1-0"]
[WhiteElo "1667"]
[BlackElo "1794"]
[PlyCount "75"]
[EventDate "2013.??.??"]
[WhiteTeam "SK Turm Euskirchen 65"]
[BlackTeam "SF Köln-Longerich 195"]

1. b3 d6 2. Bb2 Nf6 3. c4 g6 4. Nc3 Bg7 5. d4 O-O 6. e4 c6 7. Nf3 Bg4 8. Be2
Qc7 9. Qd2 a6 10. a4 Nbd7 11. O-O Bxf3 12. Bxf3 e5 13. d5 c5 14. a5 Qd8 15. Na4
b5 16. cxb5 axb5 17. Nc3 Rxa5 18. Qe2 b4 19. Nb5 Ne8 20. Rxa5 Qxa5 21. Ra1 Qd8
22. Na7 Nb8 23. Qb5 f5 24. exf5 gxf5 25. Nc6 Nxc6 26. dxc6 Nc7 27. Qb7 Qb8 28.
Ra7 Qxb7 29. cxb7 Rb8 30. Ra8 Nxa8 31. bxa8=Q Rxa8 32. Bxa8 Bh6 33. Kf1 Kf8 34.
Ke1 Ke7 35. Bd5 Bg5 36. g3 Bf6 37. Bc1 e4 38. h4 1-0

[Event "10. Longericher Sommer-Open A"]
[Site "?"]
[Date "2013.07.20"]
[Round "2.21"]
[White "Ringeltaube, Denny"]
[Black "Rost, Vincent"]
[Result "1-0"]
[WhiteElo "1765"]
[BlackElo "1739"]
[PlyCount "41"]
[EventDate "2013.??.??"]
[WhiteTeam "Klub Kölner SF e.V. 1"]
[BlackTeam "SV Erftstadt e.V."]

1. e4 e5 2. Nf3 Nc6 3. Bc4 Bc5 4. c3 Nf6 5. d3 O-O 6. Bb3 d6 7. Qe2 Bg4 8. Be3
Bb6 9. Nbd2 h6 10. h3 Bxf3 11. Qxf3 Qd7 12. g4 Nh7 13. O-O-O Qe7 14. h4 Na5 15.
Bc2 Bxe3 16. Qxe3 Nc6 17. Rdg1 Nd8 18. g5 hxg5 19. hxg5 Ne6 20. Qh3 Nexg5 21.
Rxg5 1-0

[Event "10. Longericher Sommer-Open A"]
[Site "?"]
[Date "2013.07.20"]
[Round "2.22"]
[White "Gelsok, Philipp"]
[Black "Alvermann, Christian"]
[Result "1/2-1/2"]
[WhiteElo "1729"]
[BlackElo "1754"]
[PlyCount "46"]
[EventDate "2013.??.??"]
[WhiteTeam "Bergische SF 1923 Ber"]
[BlackTeam "VfB Schach Leipzig e.V."]

1. Nf3 Nf6 2. d4 g6 3. c4 Bg7 4. Nc3 O-O 5. e4 d6 6. Be2 Nbd7 7. O-O c6 8. h3
Qc7 9. Be3 b6 10. Rc1 Bb7 11. Nd2 Rad8 12. f4 e5 13. fxe5 dxe5 14. d5 a6 15.
Qe1 Qd6 16. Qf2 cxd5 17. exd5 Rc8 18. Bg5 Qb4 19. a3 Qxb2 20. Na4 Qxa3 21. Nxb6
Rb8 22. c5 Nxb6 23. Bxf6 Bxf6 1/2-1/2

[Event "10. Longericher Sommer-Open A"]
[Site "?"]
[Date "2013.07.20"]
[Round "2.23"]
[White "Süß, Stefan"]
[Black "Ramien, David"]
[Result "0-1"]
[WhiteElo "1822"]
[BlackElo "1726"]
[PlyCount "74"]
[EventDate "2013.??.??"]
[WhiteTeam "Mosbacher SC von 1931"]
[BlackTeam "SG Porz e.V."]

1. d4 Nf6 2. Bf4 d6 3. Nf3 g6 4. h3 Bg7 5. e3 O-O 6. Be2 Nc6 7. c3 Re8 8. O-O
Nd7 9. Bh2 e5 10. d5 Ne7 11. e4 h6 12. c4 f5 13. Nc3 f4 14. b4 Rf8 15. a4 Rf6
16. g4 a5 17. b5 Nc5 18. Ne1 Qf8 19. f3 g5 20. Ng2 h5 21. Kf2 hxg4 22. hxg4 Kf7
23. Rh1 Rh6 24. Qg1 Qh8 25. Nb1 Bxg4 26. Nd2 Bd7 27. Ra3 Qh7 28. Nf1 g4 29. Ke1
g3 30. Kd2 Rh8 31. Ra1 Nb3+ 32. Kc2 Nxa1+ 33. Kb2 gxh2 34. Qf2 Bf6 35. Kxa1 Bh4
36. Nxh4 Rxh4 37. Bd1 Ng6 0-1

[Event "10. Longericher Sommer-Open A"]
[Site "?"]
[Date "2013.07.20"]
[Round "2.24"]
[White "Gula, Julian"]
[Black "Cremerius, Armin"]
[Result "0-1"]
[WhiteElo "1736"]
[BlackElo "1791"]
[PlyCount "172"]
[EventDate "2013.??.??"]
[WhiteTeam "Verein f. Sport u. Freizeit v. 1"]
[BlackTeam "Sportfreunde Katernberg 1913 e.V"]

1. e4 e6 2. d4 d5 3. Nd2 dxe4 4. Nxe4 Bd7 5. Nf3 Bc6 6. Ng3 Bxf3 7. Qxf3 c6 8.
c3 Nf6 9. Bd3 Qd5 10. Qxd5 cxd5 11. Bf4 Nbd7 12. O-O Be7 13. Rfe1 O-O 14. Nf5
Rfe8 15. Nxe7+ Rxe7 16. Bd6 Ree8 17. Re2 a6 18. Rae1 Rac8 19. h3 Rc6 20. Bh2
Rec8 21. f4 g6 22. g4 Rb6 23. f5 exf5 24. gxf5 Kf8 25. fxg6 hxg6 26. Bf4 Kg7
27. Rg2 Re8 28. Rxe8 Nxe8 29. Re2 Re6 30. Rxe6 fxe6 31. b3 Kf6 32. h4 Ng7 33.
c4 Nf5 34. Bg5+ Kf7 35. Bxf5 exf5 36. Kf2 Ke6 37. Ke3 Nb6 38. c5 Nd7 39. b4 Nb8
40. a4 Nc6 41. b5 axb5 42. axb5 Na7 43. c6 b6 44. c7 Kd7 45. Kf4 Nxb5 46. Ke5
Nxc7 47. Kf6 Ne6 48. Kxg6 f4 49. h5 Nxg5 50. Kxg5 f3 51. h6 f2 52. h7 f1=Q 53.
h8=Q Qg2+ 54. Kf4 Qe4+ 55. Kg5 b5 56. Qh3+ Qe6 57. Qc3 Qc6 58. Qh3+ Kc7 59.
Qh7+ Kb6 60. Qe7 Qc1+ 61. Kf5 Qc2+ 62. Kf4 Qc7+ 63. Qe5 Qf7+ 64. Ke3 Ka5 65.
Qd6 b4 66. Qc5+ Ka4 67. Qc6+ Kb3 68. Qd6 Qe8+ 69. Qe5 Qb5 70. Qg3 Qc4 71. Kf2+
Kb2 72. Qe3 b3 73. Qf4 Kb1 74. Kg3 b2 75. Qd2 Qa4 76. Qe1+ Ka2 77. Qd2 Qa3+ 78.
Kg4 Ka1 79. Qg5 Qb3 80. Qd2 b1=Q 81. Qa5+ Q1a2 82. Qe1+ Qab1 83. Qa5+ Kb2 84.
Qd2+ Q1c2 85. Qa5 Qg2+ 86. Kf5 Qe4+ 0-1

[Event "10. Longericher Sommer-Open A"]
[Site "?"]
[Date "2013.07.20"]
[Round "2.25"]
[White "Rieger, Isabelle"]
[Black "Meyer, Stefan"]
[Result "1/2-1/2"]
[WhiteElo "1712"]
[BlackElo "1754"]
[PlyCount "85"]
[EventDate "2013.??.??"]
[WhiteTeam "SV Fideler Bauer Lever"]
[BlackTeam "SV Grevenbroich 1953"]

1. d4 Nf6 2. c4 Nc6 3. Nf3 e6 4. g3 d5 5. Bg2 Bb4+ 6. Nc3 O-O 7. cxd5 exd5 8.
O-O Be6 9. a3 Ba5 10. Bf4 Ne7 11. Ne5 c6 12. Na4 Nd7 13. Nxd7 Bxd7 14. Nc5 Bc8
15. h4 Ng6 16. Be3 Re8 17. h5 Nf8 18. b4 Bc7 19. Qd2 Ne6 20. Rae1 Nxc5 21. dxc5
Bf5 22. h6 Qd7 23. Kh2 Qe6 24. Rh1 Rad8 25. hxg7 Qg6 26. Bf4 Rd7 27. Bxc7 Rxc7
28. Kg1 Rce7 29. Qh6 Qxh6 30. Rxh6 Rxe2 31. Rxe2 Rxe2 32. Rf6 Be6 33. Rf3 Kxg7
34. Kf1 Re5 35. Rf4 Bf5 36. Rd4 Be4 37. Bh3 Rh5 38. Bc8 Bf3 39. Ke1 Re5+ 40.
Kf1 Re7 41. Bf5 Be4 42. Bg4 Bg6 43. Bf3 1/2-1/2